000 00678nam a2200265Ia 4500
005 20260121172845.0
008 008 260114s9999 xx 000 0 eng d
020 _a9783658358945
037 _aEBOOK
040 _aCRL
040 _beng
040 _cCRL
041 _2eng
041 _aeng
084 _qCRL
100 _aLisa Stoll
_91093610
245 0 _aProviding a New Perspective on Understanding and Measuring of Customer Inspiration
260 _bSpringer
260 _bSpringer
260 _c2022
856 _uhttps://link.springer.com/openurl?genre=book&isbn=978-3-658-35894-5
942 _cEBOOK
999 _c1659352
_d1659352